Direito dos serviços públicos / (Record no. 201)
[ view plain ]
| 000 -LÍDER | |
|---|---|
| Campo Fixo de Controle | 00856cam a2200265 a 4500 |
| 001 - NÚMERO DE CONTROLE | |
| Campo de Controle | 201 |
| 003 - IDENTIFICAÇÃO DO NÚMERO DE CONTROLE | |
| Campo de Controle | BR-CuiBMT |
| 005 - DATA E HORA DA ÚLTIMA ATUALIZAÇÃO | |
| Campo de Controle | 20231113190818.0 |
| 008 - DADOS FIXOS | |
| Dados Fixos | 230829s2021 mgb 000 0 por d |
| 020 ## - INTERNATIONAL STANDARD BOOK NUMBER | |
| Nº do ISBN | 9788545002000 |
| 040 ## - AGÊNCIA CATALOGADORA | |
| Código da Agência Catalogadora | BR-CuiBMT |
| Agência que transcreveu o registro | BR-CuiBMT |
| 080 ## - Nº DA CLASSIFICAÇÃO DECIMAL UNIVERSAL | |
| Nº edição CDU | 2007 |
| Nº Class. CDU | 35.081 |
| 090 ## - NÚMERO DE CHAMADA | |
| Nº classificação | 35.081 |
| Cutter | A659d |
| Ano/Edição | 4. ed. |
| 100 1# - ENTRADA PRINCIPAL -- AUTOR PESSOAL | |
| Nome pessoal | Aragão, Alexandre Santos de, |
| Datas associadas ao nome | 1969- |
| 245 10 - TÍTULO PRINCIPAL | |
| Título principal | Direito dos serviços públicos / |
| Indicação de responsabilidade | Alexandre Santos de Aragão. |
| 250 ## - EDIÇÃO | |
| Edição | 4. ed., rev. e atual. |
| 260 ## - PUBLICAÇÃO, DISTRIBUIÇÃO, ETC. | |
| Local de publicação | Belo Horizonte : |
| Editora | Fórum, |
| Data | c2017. |
| 300 ## - DESCRIÇÃO FÍSICA | |
| N. páginas ou volumes | 619 p. ; |
| Dimensões | 24 cm |
| 504 ## - NOTA DE BIBLIOGRAFIA, ETC. | |
| Nota de bibliografia | Inclui bibliografia. |
| 590 ## - NOTA LOCAL | |
| Nota local | A Biblioteca possui a 1. reimpr. 2021. |
| 650 ## - ASSUNTO TÓPICO | |
| Cabeçalho tópico ou nome geográfico | Serviços públicos |
| Subdivisão geral | Aspectos jurídicos |
| Subdivisão geográfica | Brasil |
| 650 ## - ASSUNTO TÓPICO | |
| Cabeçalho tópico ou nome geográfico | Serviço público |
| Subdivisão geral | Jurisprudência |
| Subdivisão geográfica | Brasil |
| 650 ## - ASSUNTO TÓPICO | |
| Cabeçalho tópico ou nome geográfico | Concessão de serviços públicos |
| Subdivisão geográfica | Brasil |
| 942 ## - ELEMENTOS DE ENTRADA ADICIONAIS (KOHA) | |
| Fonte de classificação ou esquema de arquivamento | Classificação Decimal Universal |
| Tipo de item do Koha | Livros |
| Estado: removido | Estado: perdido | Fonte de classificação ou esquema de arquivamento | Estado: danificado | Indisponível para empréstimo | Localização permanente | Localização atual | Data de aquisição | Total Checkouts | Número de Chamada completo | Código de barras | Date last seen | Número do exemplar | Preço efetivo a partir de | Tipo de item (Koha) | Nota pública |
|---|---|---|---|---|---|---|---|---|---|---|---|---|---|---|---|
| Classificação Decimal Universal | Biblioteca da Escola Superior de Contas do TCE/MT | Biblioteca da Escola Superior de Contas do TCE/MT | 28/07/2023 | 35.081 A659d 4. ed. | BIBTCEMT23080178 | 29/08/2023 | Ex. 1 | 29/08/2023 | Livros | 1. reimpr. 2021 | |||||
| Classificação Decimal Universal | Biblioteca da Escola Superior de Contas do TCE/MT | Biblioteca da Escola Superior de Contas do TCE/MT | 16/11/2023 | 35.081 A659d 4. ed. | BIBTCEMT23110635 | 16/11/2023 | Ex. 2 | 16/11/2023 | Livros | ||||||
| Classificação Decimal Universal | Biblioteca da Escola Superior de Contas do TCE/MT | Biblioteca da Escola Superior de Contas do TCE/MT | 16/11/2023 | 35.081 A659d 4. ed. | BIBTCEMT23110636 | 16/11/2023 | Ex. 3 | 16/11/2023 | Livros |